On This Day (January 24th) Multiple Choice - Statistics

General Stats
  • This quiz has been taken 14 times
    3 since last reset
  • The average score is 5 of 16
Answer Stats
Question Answer % Correct
41 – Claudius is proclaimed Roman Emperor by the Praetorian Guard after they assassinate the previous emperor who was known by what name ? Caligula
100%
1978 – Soviet satellite Kosmos 954, with a nuclear reactor on board, burns up in Earth's atmosphere, scattering radioactive debris over which area ? Northwest Territories, Canada
100%
1986 – L. Ron Hubbard, American religious leader, author, and founder of the Church of Scientology dies. He spent the last two years of his life living in what ? Blue Bird motorhome
50%
1941 – Neil Diamond, American singer-songwriter and guitarist is born in which New York borough ? Brooklyn
50%
1857 – The University of where is formally founded as the first fully fledged university in South Asia ? Calcutta
50%
1972 – Japanese Sgt. Shoichi Yokoi is found hiding in a jungle on which Pacific island, where he had been since the end of World War II ? Guam
50%
1981 - English Singer Davy Jones marries his second wife Anita Pollinger, what famous band was he a member of ? The Monkees
50%
2018 - Former US Olympic team doctor Larry Nassar found guilty of molesting over 150 girls, and is sentenced to how many years in prison ? 175
0%
1966 - 117 passengers are killed after a Boeing-707 plane of which airline crashes into Mont Blanc, France ? Air India
0%
1848 – James W. Marshall finds gold at Sutter's Mill near which Californian town, starting the California Gold Rush ? Coloma
0%
2012 - Princess Athena is born into which Royal Family ? Danish
0%
1989 – Notorious serial killer Ted Bundy, with over 30 known victims, is executed by the electric chair at the State Prison in which state of the US ? Florida
0%
2011 – At least 35 die and 180 are injured in a bombing at which airport ? Moscow Domodedovo
0%
1644 - Parliamentary army wins the battle of which Cheshire town during the English Civil War ? Nantwich
0%
1900 - The worlds first Badminton Club, forms in which English city ? Newcastle
0%
1899 - What is patented by American Humphrey O'Sullivan ? Rubber heel for boots or shoes
0%
No matching quizzes found
Score Distribution
Percent of People with Each Score
Percentile by Number Answered
Your Score History
You have not taken this quiz since the last reset